[Event "SVK-ch U16"]
[Site "Tatralandia"]
[Date "2024.04.09"]
[Round "6"]
[White "Vida, Gergo1"]
[Black "Hanzel, Richard"]
[Result "1-0"]
[WhiteElo "1674"]
[BlackElo "1555"]
[PlyCount "51"]
[EventDate "2024.04.05"]
[EventType "swiss"]
[EventRounds "9"]
[EventCountry "SVK"]
[SourceTitle "CB16_2024"]
[SourceDate "2024.04.17"]
[SourceVersion "1"]
[SourceVersionDate "2024.04.17"]
[SourceQuality "1"]

1. e4 c6 2. d4 d5 3. f3 dxe4 4. fxe4 e5 5. Nf3 Bg4 6. Bc4 Nd7 7. 0-0 Ngf6 8. Bg5 Be7 9. dxe5 Bxf3 10. exf6 Qb6+ 11. Kh1 Bxd1 12. fxg7 Rg8 13. Bxf7+ Kd8 14. Bxg8 Kc7 15. Bf4+ Bd6 16. Bxd6+ Kxd6 17. Rxd1+ Kc7 18. Bb3 Nf6 19. e5 Ng8 20. Nc3 Qe3 21. e6 Kb6 22. Rf1 Rd8 23. Rf8 Qg5 24. Raf1 h5 25. e7 Qxe7 26. Bxg8 1-0

[Event "SVK-ch U16"]
[Site "Tatralandia"]
[Date "2024.04.07"]
[Round "3"]
[White "Hanzel, Richard"]
[Black "Roman, Dominik"]
[Result "1-0"]
[WhiteElo "1555"]
[BlackElo "1000"]
[PlyCount "71"]
[EventDate "2024.04.05"]
[EventType "swiss"]
[EventRounds "9"]
[EventCountry "SVK"]
[SourceTitle "CB16_2024"]
[SourceDate "2024.04.17"]
[SourceVersion "1"]
[SourceVersionDate "2024.04.17"]
[SourceQuality "1"]

1. d4 e6 2. c4 b6 3. Nf3 Bb7 4. g3 Nf6 5. Bg2 Be7 6. 0-0 d6 7. Nc3 0-0 8. b3 Nbd7 9. Ba3 c5 10. e3 a6 11. Bb2 Qc7 12. Qe2 d5 13. cxd5 Nxd5 14. Nxd5 exd5 15. dxc5 bxc5 16. Rac1 Nf6 17. Rfd1 Rfd8 18. Qc2 Rac8 19. Bh3 Rb8 20. Be5 Bd6 21. Bxd6 Rxd6 22. Qxc5 Rc6 23. Qa3 Rxc1 24. Rxc1 Qb6 25. Qc5 Qd8 26. Nd4 Ne4 27. Qc7 Qf8 28. Nc6 Bxc6 29. Rxc6 g6 30. Rxa6 f5 31. Ra7 Nf6 32. Bg2 Rc8 33. Bxd5+ Kh8 34. Qxc8 Qxc8 35. Ra8 Qxa8 36. Bxa8 1-0